Omosessualità maschile e femminile : male, cause, rimedi /
Salvato in:
| Autore principale: | |
|---|---|
| Natura: | Libro |
| Lingua: | italiano |
| Pubblicazione: |
Roma :
Edizioni mediterranee,
1959
|
| Edizione: | 3. ed. riv. e accresciuta |
| Soggetti: | |
| Tags: |
Nessun Tag, puoi essere il primo ad aggiungerne!!
|
MARC
| LEADER | 00000nam a22000007i 4500 | ||
|---|---|---|---|
| 001 | IT\ICCU\SBL\0498321 | ||
| 003 | ItRI | ||
| 005 | 20240927223620.0 | ||
| 008 | 910930s1959 it |||||| ||||| |||||c | ||
| 015 | |2 IT |a 594180 | ||
| 040 | |b ita |c CT | ||
| 041 | 7 | |a ita |2 ISO-639-2 | |
| 082 | |a 301.424 |2 16 | ||
| 100 | 1 | |a Gandin, Antonio |0 IT\ICCU\SBLV\021684 |4 aut | |
| 245 | 1 | 0 | |a Omosessualità maschile e femminile : |b male, cause, rimedi / |c Antonio Gandin. |
| 250 | |a 3. ed. riv. e accresciuta | ||
| 260 | |a Roma : |b Edizioni mediterranee, |c 1959 | ||
| 300 | |a 262 p. ; |c 21 cm | ||
| 650 | 7 | |a Omosessualità | |
| 942 | |2 ddc |c BK | ||
| 952 | |0 0 |1 0 |2 ddc |4 0 |6 301_424000000000000_GAN_OMO |7 1 |9 2050 |a GE |b GE |d 2024-09-27 |l 0 |o 301.424 GAN OMO |p 1244 |r 2024-09-27 22:37:15 |w 2024-09-27 |x Donazione di Alvaro Bazzano |y BK |z Donazione AB | ||
| 981 | 1 | |6 z01 |a i |b xxxe | |
| 982 | 1 | |6 z01 |a n | |
| 999 | |c 1795 |d 1795 | ||